Strongest Battlegrounds Characters, moves, and ults - Statistics

General Stats
  • This quiz has been taken 32 times
  • The average score is 44 of 97
Answer Stats
Hint Answer % Correct
Name Hero Hunter
81%
Moves Normal punch
81%
Moves Shove
81%
Ult Serious Mode
76%
Moves Uppercut
76%
Moves Flowing Water
67%
Name Strongest Hero
67%
Moves Consecutive punches
62%
Moves Death Counter
62%
Type KJ KJ
62%
Moves Table Flip
62%
Name Deadly Ninja
57%
Name Destructive Cyborg
57%
Moves Hunters Grasp
57%
Moves Lethal Whirlwind Stream
57%
Moves Omni Directional Punch
57%
Moves Preys Peril
57%
Ult Rampage
57%
Moves Stone Coffin
57%
Name Brutal Demon
52%
Moves Final Hunt
52%
Name Martial Artist
52%
Moves Serious Punch
52%
Moves Whirlwind Drop
52%
Moves 20 20 20 Dropkick
48%
Name Blade Master
48%
Moves Bullet Barrage
48%
Ult Can You Even See Me
48%
Moves Death Blow
48%
Moves Terrible Tornado
48%
Moves Head First
48%
Name Sorcerer
48%
Ult Sorcerer
48%
Moves Vanishing Kick
48%
Moves Windstorm Fury
48%
Ult 20 Series
43%
Ult Berserk
43%
Moves Blitz Shot
43%
Moves Brutal Beatdown
43%
Moves Carnage
43%
Moves Cosmic Strike
43%
Moves Crushed Rock
43%
Moves Crushing Pull
43%
Moves Flashstrike
43%
Moves Homerun
43%
Ult Maximum Energy Output
43%
Ult Pumped Up
43%
Moves Ravage
43%
Moves Scatter
43%
Moves Sky Snatcher
43%
Moves Straight On
43%
Moves Swift Sweep
43%
Moves Whirlwind kick
43%
Name Wild Psychic
43%
Moves Atomic Slash
38%
Moves Beatdown
38%
Moves Collateral Ruin
38%
Ult Dragons Descent
38%
Moves Erase
38%
Moves Explosive Shuriken
38%
Moves Expulsive Push
38%
Moves FIve Seasons
38%
Moves Flamewave Cannon
38%
Moves Foul Ball
38%
Moves Grand Slam
38%
Moves Infinity
38%
Moves Jet Dive
38%
Moves Quick Slice
38%
Moves Rock Splitting Fist
38%
Moves Savage Tornado
38%
Ult Scorching Blade
38%
Moves Solar Cleave
38%
Moves Speedblitz Dropkick
38%
Moves Stoic Bomb
38%
Moves Strength Difference
38%
Moves Sunrise
38%
Moves Sunset
38%
Moves Water Stream Rock Smashing
38%
Moves Acid Spit
33%
Moves Atmos Cleave
33%
Moves Attract
33%
Moves Earth Splitting Strike
33%
Moves Giant Leap
33%
Moves Ignition Burst
33%
Moves Incinerate
33%
Moves Laser Claws
33%
Moves Machine Gun Blows
33%
Crab Boss Pincer Barrage
33%
Moves Pinpoint Cut
33%
Moves Psychic Ricochet
33%
Moves Repulse
33%
Moves Split Second Counter
33%
Moves Thunder Kick
33%
Moves Twinblade Rush
33%
Moves Twin Fangs
33%
Moves Fourfold Flashstrike
29%
Moves Rising Fist
29%
No matching quizzes found
Score Distribution
Percent of People with Each Score
Percentile by Number Answered
Your Score History
You have not taken this quiz